| 000 | 00549nam a2200181Ia 4500 | ||
|---|---|---|---|
| 003 | GCL | ||
| 008 | 140319s9999 xx 000 0 ara d | ||
| 040 |
_aGCL / _cGCL |
||
| 082 | 0 | 4 |
_aق _b322.4 _bف ش |
| 100 | 1 | _aفخرى لبيب | |
| 245 | 1 | 0 |
_aالشيوعيون وعبدالناصر التحالف والمواجهة (1958 - 1965) / _cفخرى لبيب |
| 260 |
_a[S.N] : _bمركز البحوث العربية |
||
| 300 | _a627 ص | ||
| 490 | _a | ||
| 650 | 0 | 4 | _aالشيوعية |
| 650 | 0 | 4 | _aجمال عبدالناصر |
| 942 |
_2ddc _cBK |
||
| 999 |
_c52809 _d52809 |
||